| 000 | 00694nam a22002057a 4500 | ||
|---|---|---|---|
| 999 |
_c1727 _d1727 |
||
| 003 | AR-CdUCM | ||
| 008 | 190227b ||||| |||| 00| 0 spa d | ||
| 040 |
_aMUNICIPALIDAD PROVINCIAL DEL CUSCO _cBIBLIOTECA MUNICIPAL DEL CUSCO |
||
| 082 |
_a869.964 / _bC29 |
||
| 100 |
_aCarpentier, Alejo _9216 |
||
| 245 |
_aEl reino de este mundo : _bRelato / |
||
| 260 |
_aLima : _bPrimer festival del libro venezolano, |
||
| 300 |
_a127 páginas ; _c16 cm. |
||
| 505 | _aLas cabezas de cera -- La poda -- Lo que hallaba la mano ... | ||
| 650 |
_aNovelas cubanas. _96366 |
||
| 650 |
_aHistoria. _9136 |
||
| 650 |
_aNovelas históricas haitianas. _96367 |
||
| 942 |
_2ddc _cLIBROS |
||
| 945 |
_amvr _d2019-02-27 |
||